[Event "HCL-C057"]
[Site "www.playchess.de"]
[Date "2001.01.22"]
[Round "4"]
[White "Jeff_Foster"]
[Black "CEAuke"]
[WhiteElo "1481"]
[BlackElo "924"]
[PlyCount "57"]
[Result "1-0"]

1.e4 d5 2.exd5 Qxd5 3.Nc3 Qe5+ 4.Qe2 f6 5.d3 Nc6 
6.Qxe5 Nxe5 7.Bf4 g5 8.Bxe5 fxe5 9.Nf3 g4 10.Nd5 
gxf3 11.Nxc7+ Kd8 12.Nxa8 fxg2 13.Bxg2 Nf6 
14.O-O-O Bh6+ 15.Kb1 Rg8 16.Be4 Nxe4 17.dxe4+ Ke8 
18.Rhg1 Rf8 19.Nc7+ Kf7 20.c4 Be6 21.Nxe6 Kxe6 
22.b4 Rxf2 23.a4 Be3 24.Rgf1 Rxh2 25.a5 Bd4 
26.Rfh1 Rb2+ 27.Kc1 Rxb4 28.Rh6+ Kd7 
29.Rxh7 1-0

[Event "HCL-C065"]
[Site "www.playchess.de"]
[Date "2001.01.22"]
[Round "11"]
[White "Angyl-Of-Death"]
[Black "chelo"]
[WhiteElo "900"]
[BlackElo "1000"]
[PlyCount "31"]
[Result "1-0"]

1.d4 d5 2.Nc3 Nc6 3.Bf4 Bf5 4.e3 Nb4 5.Bd3 Bxd3 
6.cxd3 Nf6 7.a3 Nc6 8.e4 g6 9.Nf3 Nxe4 10.dxe4 
dxe4 11.Nxe4 Bg7 12.d5 Na5 13.Rc1 c6 14.d6 Bxb2 
15.O-O Bxa3 16.Be5 1-0

[Event "HCL-C089"]
[Site "www.playchess.de"]
[Date "2001.01.22"]
[Round "7"]
[White "Nunogomez"]
[Black "Doris"]
[WhiteElo "850"]
[BlackElo "1000"]
[PlyCount "81"]
[Result "1-0"]

1.e4 e5 2.Nf3 Nc6 3.Bc4 Qe7 4.Nc3 Na5 5.Nd5 Qd6 
6.d4 Nxc4 7.dxe5 Nxe5 8.Bf4 f6 9.O-O Qe6 10.Nxc7+ 
Kf7 11.Nxe6 Nxf3+ 12.Qxf3 dxe6 13.e5 f5 14.h3 g6 
15.g4 Nh6 16.g5 Ng8 17.Rad1 Ne7 18.Rd8 Bg7 19.Rxh8 
Bxh8 20.h4 Rb8 21.h5 Bd7 22.hxg6+ Nxg6 23.Qh5 Rg8 
24.Be3 Bxe5 25.f4 Bxb2 26.Bxa7 Ba4 27.Qxh7+ Rg7 
28.Qh2 Bb5 29.Rb1 Bc3 30.Rxb5 Kf8 31.Bc5+ Kg8 
32.Ba3 Rd7 33.Bb4 Ba1 34.Kf1 Rd4 35.Qh6 Rxf4+ 
36.Ke2 Re4+ 37.Kd1 Rd4+ 38.Bd2 Rd7 39.Qxg6+ Bg7 
40.Qxe6+ Rf7 41.g6 1-0

[Event "HCL-C098"]
[Site "www.playchess.de"]
[Date "2001.01.22"]
[Round "16"]
[White "soymilk"]
[Black "Otakmati"]
[WhiteElo "1162"]
[BlackElo "1000"]
[PlyCount "27"]
[Result "1-0"]

1.Nf3 d5 2.g3 c5 3.Bg2 Nc6 4.O-O e5 5.d3 h6 6.Nbd2 
Nf6 7.e4 d4 8.c3 dxc3 9.bxc3 Qxd3 10.c4 Be6 11.Qb3 
Qd7 12.Rd1 Qc7 13.Nf1 Bd6 14.N1d2 1-0

[Event "HCL-C108"]
[Site "www.playchess.de"]
[Date "2001.01.22"]
[Round "12"]
[White "blake0850"]
[Black "dakini"]
[WhiteElo "1000"]
[BlackElo "1801"]
[PlyCount "48"]
[Result "0-1"]

1.d4 d5 2.Nf3 Nf6 3.e3 e6 4.Nc3 c5 5.Ne5 Nbd7 
6.Bb5 a6 7.Ba4 b5 8.Nc6 Qb6 9.Ne5 bxa4 10.Nxa4 
Qa5+ 11.c3 Bd6 12.O-O Bxe5 13.dxe5 Nxe5 14.b4 cxb4 
15.cxb4 Qxb4 16.Qb3 Rb8 17.Nb6 Qxb3 18.axb3 Rxb6 
19.f4 Nd3 20.Ra5 O-O 21.Ba3 Rd8 22.Bc5 Rxb3 23.Ra3 
Nxc5 24.Ra5 Nfe4 0-1

[Event "HCL-C108"]
[Site "www.playchess.de"]
[Date "2001.01.22"]
[Round "19"]
[White "Danne"]
[Black "helmet"]
[WhiteElo "1146"]
[BlackElo "1222"]
[PlyCount "30"]
[Result "0-1"]

1.e4 c5 2.Nf3 d6 3.h3 Nc6 4.d3 g6 5.Na3 Bg7 6.Nc4 
Nf6 7.Bg5 O-O 8.Be2 d5 9.Ne3 dxe4 10.dxe4 Nxe4 
11.Bf4 Bxb2 12.Rb1 Bc3+ 13.Kf1 Be6 14.Rxb7 Bxa2 
15.Bg5 Nxg5 0-1

[Event "HCL-C112"]
[Site "www.playchess.de"]
[Date "2001.01.22"]
[Round "7"]
[White "Pietros"]
[Black "sonnyspock"]
[WhiteElo "1377"]
[BlackElo "1188"]
[PlyCount "50"]
[Result "1-0"]

1.e4 e6 2.d4 d5 3.e5 c5 4.c3 Qb6 5.Nf3 Nc6 6.Bd3 
cxd4 7.Nxd4 Nxd4 8.cxd4 Bb4+ 9.Nc3 Bd7 10.Be3 Ne7 
11.O-O Nf5 12.Bxf5 exf5 13.Nxd5 Qa5 14.Nxb4 Qxb4 
15.Qb3 Qxb3 16.axb3 Be6 17.b4 Bc4 18.Rfe1 b5 
19.Red1 O-O 20.d5 Rfd8 21.d6 Be6 22.Bxa7 g6 23.Ra5 
Bc4 24.Bb6 Ra8 25.bxa5 d7 1-0

[Event "HCL-C112"]
[Site "www.playchess.de"]
[Date "2001.01.22"]
[Round "23"]
[White "Fleischer"]
[Black "orange"]
[WhiteElo "1000"]
[BlackElo "853"]
[PlyCount "38"]
[Result "0-1"]

1.e4 e6 2.f4 d5 3.e5 f6 4.Nf3 c5 5.Nc3 Nc6 6.Bb5 
Nge7 7.exf6 gxf6 8.d4 b6 9.dxc5 bxc5 10.O-O Bb7 
11.Re1 Qd7 12.Qe2 Bh6 13.Na4 Qd6 14.Qxe6 Qxe6 
15.Rxe6 Kf7 16.Nxc5 Nd8 17.Re2 Rg8 18.Bd2 a6 
19.Rae1 axb5 0-1

[Event "HCL-C112"]
[Site "www.playchess.de"]
[Date "2001.01.22"]
[Round "26"]
[White "Pietros"]
[Black "Fleischer"]
[WhiteElo "1377"]
[BlackElo "1000"]
[PlyCount "55"]
[Result "1-0"]

1.e4 e5 2.Bc4 Nf6 3.Nf3 Nc6 4.d3 Bc5 5.O-O d6 
6.Nc3 Bg4 7.Bb5 O-O 8.Bxc6 bxc6 9.a3 Rb8 10.b4 Bd4 
11.Bb2 a5 12.Na4 Bxb2 13.Nxb2 axb4 14.Nc4 c5 
15.Ncd2 Ra8 16.Qc1 Qd7 17.h3 Bxf3 18.Nxf3 Rab8 
19.a4 Rba8 20.a5 c4 21.Nd2 cxd3 22.cxd3 c5 23.Nc4 
Qe6 24.Nb6 Ra6 25.Qc4 Qxc4 26.Nxc4 Rb8 27.Rfb1 Kf8 
28.Nb6 1-0

[Event "HCL-C135"]
[Site "www.playchess.de"]
[Date "2001.01.22"]
[Round "17"]
[White "dg"]
[Black "German04"]
[WhiteElo "696"]
[BlackElo "1236"]
[PlyCount "86"]
[Result "0-1"]

1.e4 e5 2.Nf3 Nc6 3.Bb5 d6 4.Bxc6+ bxc6 5.h3 Ne7 
6.O-O g6 7.d4 Bg7 8.c3 O-O 9.Na3 a5 10.Nc4 Ba6 
11.b3 d5 12.exd5 cxd5 13.Ncxe5 Bxf1 14.Qxf1 Qd6 
15.Bf4 Qa6 16.Qe1 Rfe8 17.Qd2 Nf5 18.Ng5 f6 
19.Ngf3 fxe5 20.dxe5 Rad8 21.g4 Ne7 22.Bg5 Qe6 
23.Re1 Rd7 24.Nd4 Qb6 25.e6 Rd6 26.Be3 Nc6 27.Nf5 
d4 28.Nxd4 Nxd4 29.cxd4 Bxd4 30.Bf4 Rdxe6 31.Rd1 
Be5 32.Bxe5 R6xe5 33.Qh6 R5e1+ 34.Rxe1 Rxe1+ 
35.Kg2 Qd4 36.Qh4 Re2 37.a4 Rb2 38.Qg3 Qd5+ 39.Kf1 
Qh1+ 40.Qg1 Rb1+ 41.Ke2 Qxg1 42.Kf3 Rxb3+ 43.Ke4 
Rxh3 0-1

[Event "HCL-C137"]
[Site "www.playchess.de"]
[Date "2001.01.22"]
[Round "7"]
[White "Ewie"]
[Black "sonnygarcia"]
[WhiteElo "645"]
[BlackElo "1085"]
[PlyCount "29"]
[Result "0-1"]

1.e4 e6 2.Nf3 d5 3.Nc3 c5 4.exd5 exd5 5.Bb5+ Nc6 
6.O-O Be7 7.Re1 Nf6 8.Ng5 O-O 9.b3 d4 10.Bxc6 dxc3 
11.Be4 cxd2 12.Bxd2 Bg4 13.Bxh7+ Nxh7 14.Nxh7 Kxh7 
15.Raxd1 0-1

[Event "HCL-C138"]
[Site "www.playchess.de"]
[Date "2001.01.22"]
[Round "15"]
[White "O_Man"]
[Black "Translightor"]
[WhiteElo "990"]
[BlackElo "1000"]
[PlyCount "58"]
[Result "0-1"]

1.e4 e5 2.Nf3 Nc6 3.Bc4 Bc5 4.d3 Nf6 5.Ng5 O-O 
6.h4 h6 7.Nc3 Ng4 8.Qxg4 d5 9.Qg3 dxc4 10.Nf3 Kh7 
11.Bxh6 gxh6 12.Ng5+ hxg5 13.hxg5+ Kg7 14.Qf3 Nd4 
15.Rh7+ Kxh7 16.Qh5+ Kg8 17.Nd5 Qxd5 18.exd5 Bf5 
19.O-O-O Bg6 20.Qh6 Nf5 21.Qh3 Kg7 22.g4 Rfh8 
23.Qf3 Nd6 24.Qf6+ Kg8 {Okay, let's go on with 
this really exciting game!}  25.Qxe5 {I have 
sacrificed too much, you will prevail}  Bxf2 {But 
you deserve a special prize for braveness; I 
really had to sweat!}  26.Qe7 {I have never 
learned patience.}  cxd3 {You almost won it.}  
27.cxd3 Rh3 28.Kc2 Re8 29.Qxc7 Rc8 {Oh, this is 
too much! But again: Thank you for this most 
exciting game!}  0-1

[Event "HCL-C143"]
[Site "www.playchess.de"]
[Date "2001.01.22"]
[Round "15"]
[White "king"]
[Black "DougL"]
[WhiteElo "1191"]
[BlackElo "1000"]
[PlyCount "21"]
[Result "1-0"]

1.g3 d5 2.Bg2 Nf6 3.Nf3 e6 4.O-O Be7 5.d3 O-O 6.b3 
c5 7.d4 cxd4 8.Qxd4 Nc6 9.Qh4 Ne4 10.g4 Bxh4 
11.Ba3 1-0

[Event "HCL-C148"]
[Site "www.playchess.de"]
[Date "2001.01.22"]
[Round "11"]
[White "Translightor"]
[Black "Allesnehmer"]
[WhiteElo "980"]
[BlackElo "1000"]
[PlyCount "40"]
[Result "0-1"]

1.e4 e5 2.Nf3 Nc6 3.Bc4 Bc5 4.c3 Nf6 5.d4 exd4 
6.cxd4 Bb4+ 7.Nc3 Nxe4 8.O-O Bxc3 9.bxc3 {Hallo, 
biste noch da?}  d5 {klar bin ich noch da}  10.Bb5 
{Ich bin jetzt wieder im Büro, ohne Theoriebücher. 
Hoffentlich war das jetzt kein Fehler!}  O-O {gute 
frage, aber 9.bxc soll angeblich nich so gut 
sein.}  11.Bb2 {Bin ja schon froh, dass es 
überhaupt weitergeht. Ich dachte bereits, 
playchess ist tot!}  Bg4 {ging mir auch so. hab 
fast jeden tag geguggt, obs wieder geht.}  12.Re1 
{Ich habe da ein paar Partien laufen, die ich gar 
nicht mehr wieder erkannt habe.}  Ng5 {die hatte 
ich so in etwa noch alle im kopf.}  13.Be2 
{Unterschied ist, dass du nicht noch alte Turniere 
hattest.}  Re8 {auch wieder wahr}  14.Qd3 
{Erstaunlich, dass so viele Spieler noch dabei 
sind. Hätte ich nicht gedacht!}  Nxf3+ {hat man 
kein mail bekommen, dass es wieder weiter geht?}  
15.Bxf3 {Weiß ich nicht. Ich habe diese Funktion 
abgeschaltet.}  Bxf3 {ich auch. aber mein kumpel 
sagte mir grad, er bekam ein mail.}  16.Qxf3 {Muss 
für dich doch schön gewesen sein, mal ein paar 
Wochen zur Schule gehen zu können...}  Qd7 {ich 
geh doch nimmer in die schule}  17.Kf1 {Bist ja 
ganz schön alt geworden in den paar Wochen...}  
Na5 {hatte mich damals vertippt.}  18.Rxe8+ {Und 
ich spiele extra Italienisch, um dem Kid nicht den 
Spaß am Schach zu nehmen!!!!!!!!!!!!!!!!!!!!!}  
Rxe8 {dann hat sich ja das vertippen rentiert}  
19.Qd3 {Und wie! ich werde einen Antrag auf 
Disqualifizierung stellen.}  Nc4 {ob der wohl 
durchgeht? ;c)}  20.Bc1 {Nee, habe ja keinen 
Screenshot von damals!}  Qb5 {ja zum glück.} 
 0-1

[Event "HCL-E012"]
[Site "www.playchess.de"]
[Date "2001.01.22"]
[Round "20"]
[White "ajedrez"]
[Black "Gearloose"]
[WhiteElo "2349"]
[BlackElo "2041"]
[PlyCount "60"]
[Result "1/2-1/2"]

1.e4 e6 2.d4 d5 3.Nd2 Nf6 4.e5 Nfd7 5.Bd3 c5 6.c3 
Nc6 7.Ne2 cxd4 8.cxd4 f6 9.f4 fxe5 10.fxe5 Nxd4 
11.Nxd4 Qh4+ 12.g3 Qxd4 13.Nf3 Qb6 14.Qc2 h6 
15.Bg6+ Kd8 16.a3 a5 17.Kf1 Bc5 18.Kg2 Rf8 19.Bf4 
a4 20.Rac1 Rxf4 21.gxf4 Be3 22.Rcd1 Bxf4 23.Rhe1 
Ra5 24.Re2 Rb5 25.Kh1 Be3 26.Bh5 d4 27.Qxa4 Rxb2 
28.Nxd4 Bxd4 29.Qxd4 Qxd4 30.Rxd4 
Rxe2 1/2-1/2

[Event "ACL-A037"]
[Site "www.playchess.de"]
[Date "2001.01.22"]
[Round "7"]
[White "Gearloose"]
[Black "MarkusSSG"]
[WhiteElo "1885"]
[BlackElo "1768"]
[PlyCount "46"]
[Result "0-1"]

1.e4 c5 2.Nc3 Nc6 3.g3 g6 4.Bg2 Bg7 5.d3 e6 6.Be3 
Qa5 7.Nge2 Nd4 8.O-O Ne7 9.Qd2 d6 10.Nc1 O-O 
11.Nd5 Qd8 12.Nxe7+ Qxe7 13.c3 Nc6 14.f4 f5 15.d4 
cxd4 16.cxd4 fxe4 17.Bxe4 d5 18.Bg2 b6 19.Re1 Qb4 
20.Qxb4 Nxb4 21.Re2 Ba6 22.Rd2 Rac8 23.Bf2 
Rc2 0-1

[Event "ACL-A045"]
[Site "www.playchess.de"]
[Date "2001.01.22"]
[Round "2"]
[White "player27"]
[Black "sazex"]
[WhiteElo "1724"]
[BlackElo "1752"]
[PlyCount "94"]
[Result "1-0"]

1.e4 e5 2.Nf3 Nc6 3.d4 exd4 4.Nxd4 Nf6 5.Nxc6 bxc6 
6.e5 Qe7 7.Qe2 Nd5 8.c4 Ba6 9.b3 Rb8 10.g3 Qb4+ 
11.Qd2 Qxd2+ 12.Kxd2 Bb4+ 13.Kc2 Ne7 14.Be3 c5 
15.a3 Bb7 16.Rg1 Be4+ 17.Kb2 Ba5 18.Bxc5 Bb6 
19.Bxb6 Rxb6 20.f4 Bxb1 21.Rxb1 f6 22.c5 Rc6 
23.exf6 Rxf6 24.Rg2 Nf5 25.Re2+ Kd8 26.Rbe1 Nd4 
27.R2e3 Rhf8 28.Kc3 Nf5 29.R3e4 Rc6 30.b4 Rh6 
31.R1e2 Ra6 32.Kb3 Raf6 33.Rd2 Re8 34.Rxe8+ Kxe8 
35.Bb5 c6 36.Bc4 d5 37.cxd6 e.p 38.Nxd6 Re2+ 
39.Kd7 Re5 40.h6 Ra5 41.g5 Rxa7+ 42.Ke8 Rc7 
43.gxf4 gxf4 44.Nb5 Bxb5 45.cxb5 Rc5 46.Rxf4 Rxb5 
47.Rf3+ Ka4 1-0

[Event "ACL-A051"]
[Site "www.playchess.de"]
[Date "2001.01.22"]
[Round "9"]
[White "BOB"]
[Black "JayKay"]
[WhiteElo "1500"]
[BlackElo "1669"]
[PlyCount "60"]
[Result "0-1"]

1.d4 Nf6 2.c4 e6 3.Nc3 Bb4 4.f3 O-O 5.e4 c5 6.d5 
Bxc3+ 7.bxc3 d6 8.Be3 b6 9.Qd2 e5 10.Bd3 Nh5 11.g4 
Nf6 12.Ne2 Nbd7 13.h4 Ne8 14.Ng3 Ba6 15.Rc1 Bb7 
16.Nf5 g6 17.Nh6+ Kg7 18.h5 Kh8 19.g5 Nc7 20.f4 
exf4 21.Bxf4 Qe7 22.Ng4 Ne8 23.e5 dxe5 24.Qe3 Kg8 
25.Nxe5 Nxe5 26.Bxe5 Ng7 27.hxg6 fxg6 28.Rc2 Nf5 
29.Bxf5 Rxf5 30.Re2 Rxg5 0-1

[Event "ACL-A057"]
[Site "www.playchess.de"]
[Date "2001.01.22"]
[Round "5"]
[White "MicronHead"]
[Black "Doris"]
[WhiteElo "1469"]
[BlackElo "1500"]
[PlyCount "33"]
[Result "1-0"]

1.e4 e5 2.Nf3 Nc6 3.Bb5 Nce7 4.Nxe5 Nf6 5.Nc3 a6 
6.Ba4 b5 7.Bb3 d5 8.d3 Be6 9.Bf4 d4 10.Bxe6 fxe6 
11.Ne2 Qc8 12.Nxd4 Nh5 13.Qxh5+ Kd8 14.Qf7 c5 
15.Nxe6+ Qxe6 16.Qxe6 Ke8 17.Qd7+ 1-0

[Event "ACL-A058"]
[Site "www.playchess.de"]
[Date "2001.01.22"]
[Round "1"]
[White "dzwonek"]
[Black "Fleischer"]
[WhiteElo "1632"]
[BlackElo "1500"]
[PlyCount "61"]
[Result "1-0"]

1.d4 Nf6 2.Nf3 g6 3.c4 Bg7 4.Nc3 d5 5.e3 O-O 
6.cxd5 Nxd5 7.Bc4 Nxc3 8.bxc3 c5 9.O-O a6 10.dxc5 
Qa5 11.Bb2 Qxc5 12.Qb3 Nc6 13.Ba3 Qh5 14.Bd5 Na5 
15.Qd1 Bf6 16.Rb1 Bf5 17.e4 Bg4 18.Bxb7 Ra7 19.Bd5 
Bxc3 20.Qd3 Rc8 21.Rbc1 Rac7 22.e5 Bxe5 23.h3 Bxf3 
24.Bxf3 Qg5 25.Rxc7 Rxc7 26.Qxa6 Qf4 27.Qa8+ Kg7 
28.g3 Qa4 29.Bc1 Bf6 30.Be3 Qb4 
31.Qe4 1-0

[Event "ACL-A058"]
[Site "www.playchess.de"]
[Date "2001.01.22"]
[Round "7"]
[White "Mr_Arnaud"]
[Black "dzwonek"]
[WhiteElo "1412"]
[BlackElo "1632"]
[PlyCount "40"]
[Result "0-1"]

1.d4 f5 2.c4 Nf6 3.Nf3 g6 4.g3 Bg7 5.Bg2 O-O 6.O-O 
d6 7.Nc3 Nc6 8.Bf4 Ne4 9.e3 e5 10.dxe5 dxe5 
11.Qxd8 Rxd8 12.Bg5 Rd6 13.Nb5 h6 14.Nxd6 Nxd6 
15.Rac1 e4 16.Nd2 hxg5 17.b3 g4 18.Rfd1 Ne5 19.Bf1 
Be6 20.Be2 Ndf7 0-1

[Event "ACL-A062"]
[Site "www.playchess.de"]
[Date "2001.01.22"]
[Round "5"]
[White "ictus"]
[Black "Hermi"]
[WhiteElo "1500"]
[BlackElo "1804"]
[PlyCount "44"]
[Result "0-1"]

1.e4 c6 2.d4 d5 3.e5 Bf5 4.Nf3 e6 5.Be2 c5 6.Be3 
Nd7 7.c4 dxc4 8.Bxc4 Ne7 9.dxc5 Nc6 10.O-O Bxc5 
11.Bxc5 Nxc5 12.Nc3 O-O 13.Qxd8 Rfxd8 14.Bb5 Nd3 
15.Bxc6 bxc6 16.b3 Bg4 17.Rad1 Kf8 18.h3 Bxf3 
19.gxf3 Nxe5 20.Kg2 Nd3 21.Ne4 Ke7 22.Nc5 
Nxc5 0-1

[Event "HCL-B080"]
[Site "www.playchess.de"]
[Date "2001.01.22"]
[Round "1"]
[White "King_Safety"]
[Black "Gruhni"]
[WhiteElo "1357"]
[BlackElo "1448"]
[PlyCount "120"]
[Result "0-1"]

1.d4 e6 2.Nf3 Nc6 3.Bf4 d5 4.e3 Bd6 5.Bg3 Nge7 
6.c3 Nf5 7.Bb5 Bd7 8.Bxc6 Bxc6 9.Ne5 Bxe5 10.Bxe5 
f6 11.Bf4 Qe7 12.O-O O-O-O 13.h3 g5 14.Bh2 h5 
15.a4 Rdg8 16.g3 g4 17.h4 e5 18.Re1 Nd6 19.Nd2 f5 
20.Nb3 Qf6 21.Na5 Bd7 22.Qb3 Be6 23.Qc2 Bd7 24.b4 
b6 25.Nb3 Ne4 26.Qd3 Kb7 27.c4 dxc4 28.Qxc4 Be6 
29.d5 Bd7 30.a5 Nd6 31.Qc2 a6 32.Rac1 Rgc8 33.Red1 
Nb5 34.Qd2 Qd6 35.Kg2 Na7 36.Rc3 Ba4 37.Qc2 Rhf8 
38.f3 gxf3+ 39.Kxf3 Qxb4 40.Rc1 e4+ 41.Kg2 Nb5 
42.Rc4 Bxb3 43.Rxb4 Bxc2 44.Rxc2 c5 45.Ra4 Rfd8 
46.axb6 Rxd5 47.Bg1 Kxb6 48.Rca2 Ra8 49.Bf2 Nc3 
50.Rb2+ Kc6 51.Rc4 Nd1 52.Rb3 Nxf2 53.Kxf2 Rd2+ 
54.Ke1 Rad8 55.Rc1 R2d3 56.Rbc3 Rxc3 57.Rxc3 Rd3 
58.Rxd3 exd3 59.Kd2 c4 60.Kc3 a5 0-1

[Event "HCL-B080"]
[Site "www.playchess.de"]
[Date "2001.01.22"]
[Round "5"]
[White "csadler"]
[Black "Gruhni"]
[WhiteElo "1070"]
[BlackElo "1448"]
[PlyCount "48"]
[Result "1/2-1/2"]

1.e4 e5 2.Nf3 Nc6 3.Bc4 Bc5 4.c3 d6 5.d4 exd4 
6.cxd4 Bb6 7.Nc3 Bg4 8.Be3 Qd7 9.d5 Ne5 10.b3 Bxe3 
11.fxe3 Nf6 12.Be2 Nxf3+ 13.Bxf3 O-O-O 14.O-O Bxf3 
15.Qxf3 Qg4 16.h3 Qxf3 17.Rxf3 Rhe8 18.Raf1 Nxe4 
19.Nxe4 Rxe4 20.R3xf7 Rxe3 21.R7f8 Rde8 22.Rxe8+ 
Rxe8 23.Rf7 Rg8 24.Kf2 Kd8 1/2-1/2

[Event "HCL-B080"]
[Site "www.playchess.de"]
[Date "2001.01.22"]
[Round "7"]
[White "Gorodish"]
[Black "King_Safety"]
[WhiteElo "1200"]
[BlackElo "1357"]
[PlyCount "41"]
[Result "1-0"]

1.d4 d5 2.Nf3 Bf5 3.c4 c6 4.Qb3 Qb6 5.cxd5 Qxb3 
6.axb3 cxd5 7.Nc3 e6 8.Nb5 Bb4+ 9.Bd2 Bxd2+ 
10.Kxd2 Kd8 11.Nd6 Nh6 12.Nxb7+ Ke7 13.e3 Nd7 
14.Bb5 Rhc8 15.Bxd7 Kxd7 16.Nc5+ Kd6 17.Ra6+ Rc6 
18.Rha1 Rac8 19.Ne5 Rb6 20.R6xa7 Rxc5 
21.Rd7+ 1-0

[Event "HCL-B080"]
[Site "www.playchess.de"]
[Date "2001.01.22"]
[Round "8"]
[White "Gruhni"]
[Black "Gorodish"]
[WhiteElo "1448"]
[BlackElo "1200"]
[PlyCount "46"]
[Result "0-1"]

1.e4 e5 2.Bc4 Nf6 3.Nf3 Nc6 4.Nc3 Bc5 5.d3 h6 
6.Be3 Bxe3 7.fxe3 d6 8.Qd2 Na5 9.Bb3 Nxb3 10.axb3 
Bd7 11.Nd5 O-O 12.O-O Re8 13.h3 Nxd5 14.exd5 e4 
15.c4 exf3 16.Rxf3 Qg5 17.Qf2 f5 18.Rf1 Re5 19.e4 
fxe4 20.Rf8+ Rxf8 21.Qxf8+ Kh7 22.Kh2 exd3 23.Qf7 
Rf5 0-1

[Event "HCL-B080"]
[Site "www.playchess.de"]
[Date "2001.01.22"]
[Round "10"]
[White "csadler"]
[Black "Gorodish"]
[WhiteElo "1070"]
[BlackElo "1200"]
[PlyCount "50"]
[Result "0-1"]

1.e4 e6 2.d4 d5 3.Nd2 c5 4.exd5 Qxd5 5.Ngf3 cxd4 
6.Bc4 Qd6 7.O-O Nf6 8.Re1 Nc6 9.b3 a6 10.Bb2 Be7 
11.c3 b5 12.Bd3 dxc3 13.Bxc3 Qxd3 14.Bxf6 gxf6 
15.Re3 Qg6 16.Rc1 Bb7 17.Nh4 Qh6 18.g3 Rd8 19.Rc2 
Rg8 20.Qf3 Qxh4 21.Re4 Qh3 22.Re2 Nd4 23.Qxb7 
Nxe2+ 24.Kh1 Rxd2 25.Rxd2 Qf1+ 0-1

[Event "HCL-B080"]
[Site "www.playchess.de"]
[Date "2001.01.22"]
[Round "11"]
[White "King_Safety"]
[Black "jack-up"]
[WhiteElo "1357"]
[BlackElo "1500"]
[PlyCount "66"]
[Result "0-1"]

1.d4 Nf6 2.Nf3 g6 3.Bf4 Bg7 4.e3 d5 5.Be2 Nc6 
6.Nbd2 Bf5 7.c3 Qd7 8.Be5 O-O 9.O-O a6 10.c4 dxc4 
11.Bxc4 b5 12.Bb3 Ng4 13.Bxg7 Kxg7 14.Rc1 Qd6 
15.h3 Nf6 16.Bc2 Bxc2 17.Qxc2 Nb4 18.Qxc7 Qe6 
19.a3 Nd3 20.Rc2 Rac8 21.Qc3 Rxc3 22.Rxc3 Nxb2 
23.Rfc1 Nc4 24.Nxc4 bxc4 25.Ne5 Rb8 26.Nxc4 h5 
27.Na5 Qa2 28.Nc6 Rb1 29.Nxe7 Rxc1+ 30.Rxc1 Qxa3 
31.Rc7 Ne4 32.d5 Qa1+ 33.Kh2 Qe5+ 0-1

[Event "HCL-B080"]
[Site "www.playchess.de"]
[Date "2001.01.22"]
[Round "12"]
[White "jack-up"]
[Black "Gruhni"]
[WhiteElo "1500"]
[BlackElo "1448"]
[PlyCount "70"]
[Result "1/2-1/2"]

1.e4 e5 2.Bc4 Bc5 3.Nf3 Nc6 4.d3 h6 5.Nc3 d6 6.Qe2 
Bg4 7.Be3 Bd4 8.h3 Bxc3+ 9.bxc3 Be6 10.Bxe6 fxe6 
11.d4 Nf6 12.dxe5 Nxe5 13.Nxe5 dxe5 14.Bc5 b6 
15.Rd1 Qc8 16.Ba3 Qb7 17.f3 Kf7 18.O-O Rhd8 19.Qb5 
a6 20.Qxe5 Qc6 21.g4 Rd7 22.Rxd7+ Qxd7 23.f4 Kg8 
24.g5 hxg5 25.fxg5 Nh7 26.h4 c5 27.c4 Rf8 28.Bb2 
Rxf1+ 29.Kxf1 Qd1+ 30.Kf2 Qd2+ 31.Kf3 Qd1+ 32.Ke3 
Qe1+ 33.Kf3 Qd1+ 34.Kg3 Qg1+ 35.Kf3 
Qd1+ 1/2-1/2

[Event "HCL-B080"]
[Site "www.playchess.de"]
[Date "2001.01.22"]
[Round "14"]
[White "jack-up"]
[Black "csadler"]
[WhiteElo "1500"]
[BlackElo "1070"]
[PlyCount "39"]
[Result "1-0"]

1.e4 c6 2.Bc4 d5 3.exd5 cxd5 4.Bb5+ Nc6 5.Nf3 Bg4 
6.c4 e6 7.Qa4 Qb6 8.Ne5 Bf5 9.Nxc6 bxc6 10.Bxc6+ 
Kd8 11.Bxa8 Bc5 12.O-O Bd3 13.b4 Bxf1 14.bxc5 Qxc5 
15.Kxf1 dxc4 16.Nc3 Nf6 17.Rb1 Ng4 18.Rb8+ Ke7 
19.Rb7+ Kd8 20.Qd7+ 1-0

[Event "HCL-B080"]
[Site "www.playchess.de"]
[Date "2001.01.22"]
[Round "15"]
[White "Gorodish"]
[Black "jack-up"]
[WhiteElo "1200"]
[BlackElo "1500"]
[PlyCount "31"]
[Result "1-0"]

1.e4 c5 2.Nf3 Nf6 3.e5 Nh5 4.d4 e6 5.g4 Nc6 6.dxc5 
Qa5+ 7.Nc3 Nxe5 8.Nxe5 Nf6 9.Be3 Nd5 10.Qf3 f6 
11.Nc4 Nxe3 12.Nxa5 Nxc2+ 13.Kd2 Nxa1 14.Ba6 Rb8 
15.Bxb7 Bxc5 16.Rxa1 1-0

[Event "HCL-B080"]
[Site "www.playchess.de"]
[Date "2001.01.22"]
[Round "16"]
[White "dmitry"]
[Black "King_Safety"]
[WhiteElo "1308"]
[BlackElo "1357"]
[PlyCount "49"]
[Result "1-0"]

1.e4 c6 2.d4 d5 3.e5 e6 4.Nf3 c5 5.c3 Nc6 6.Bb5 
Bd7 7.O-O Nge7 8.Bg5 h6 9.Bh4 Qb6 10.Bxc6 Bxc6 
11.Qc2 Nf5 12.Rd1 Be7 13.Bxe7 Kxe7 14.g4 Nd6 
15.exd6+ Kxd6 16.c4 Ke7 17.cxd5 Bxd5 18.dxc5 Qc6 
19.Nd4 Qa6 20.Nc3 Rhd8 21.Nxd5+ Rxd5 22.Nf5+ Kf6 
23.Rxd5 exd5 24.Qc3+ Kg6 25.Qxg7+ 1-0

[Event "HCL-B080"]
[Site "www.playchess.de"]
[Date "2001.01.22"]
[Round "17"]
[White "Gruhni"]
[Black "dmitry"]
[WhiteElo "1448"]
[BlackElo "1308"]
[PlyCount "71"]
[Result "1/2-1/2"]

1.e4 e5 2.Nf3 Nc6 3.Bc4 Nf6 4.Nc3 Bc5 5.d3 d6 
6.Bg5 h6 7.Bh4 g5 8.Bg3 Be6 9.Bxe6 fxe6 10.Qd2 Qd7 
11.O-O-O O-O-O 12.h3 Nh5 13.Bh2 Nf4 14.Bxf4 gxf4 
15.Na4 Bb4 16.c3 Ba5 17.b4 Bb6 18.Nxb6+ cxb6 
19.Kb2 Rhg8 20.Rhg1 Kb8 21.g4 d5 22.a3 Rdc8 
23.Rdc1 d4 24.c4 Qd6 25.b5 Nd8 26.Qb4 Qc7 27.Rc2 
Nf7 28.Rgc1 Qc5 29.Qxc5 bxc5 30.a4 Kc7 31.Ka3 Kd6 
32.a5 Ng5 33.Nxg5 hxg5 34.f3 Rg7 35.Rh1 Rh8 
36.Rch2 1/2-1/2

[Event "HCL-B080"]
[Site "www.playchess.de"]
[Date "2001.01.22"]
[Round "19"]
[White "csadler"]
[Black "dmitry"]
[WhiteElo "1070"]
[BlackElo "1308"]
[PlyCount "43"]
[Result "1/2-1/2"]

1.e4 e5 2.Nf3 Nc6 3.Bc4 Nf6 4.Ng5 Bc5 5.Bxf7+ Ke7 
6.Bd5 Rf8 7.Nf3 d6 8.Nc3 Nd4 9.Nxd4 Bxd4 10.d3 
Bxf2+ 11.Kxf2 Nxe4+ 12.Kg1 Nxc3 13.bxc3 Ke8 
14.Qh5+ g6 15.Qh6 c6 16.Qxh7 cxd5 17.Qxg6+ Rf7 
18.Bg5 Qb6+ 19.d4 exd4 20.Qg8+ Rf8 21.Qg6+ Rf7 
22.Qg8+ 1/2-1/2

[Event "HCL-B080"]
[Site "www.playchess.de"]
[Date "2001.01.22"]
[Round "20"]
[White "dmitry"]
[Black "Gorodish"]
[WhiteElo "1308"]
[BlackElo "1200"]
[PlyCount "40"]
[Result "1/2-1/2"]

1.e4 c5 2.Nf3 d6 3.d4 cxd4 4.Nxd4 Nf6 5.Nc3 a5 
6.Bg5 e6 7.Bb5+ Bd7 8.O-O Be7 9.Qd2 Nc6 10.Rad1 
O-O 11.Bxf6 gxf6 12.Qh6 Nxd4 13.Rxd4 Bxb5 14.Nxb5 
Kh8 15.Rfd1 Ra6 16.R4d3 Rg8 17.Rh3 Rg7 18.Rdd3 Rc6 
19.Rdg3 Qg8 20.Qd2 Rg6 1/2-1/2

[Event "HCL-B080"]
[Site "www.playchess.de"]
[Date "2001.01.22"]
[Round "21"]
[White "jack-up"]
[Black "dmitry"]
[WhiteElo "1500"]
[BlackElo "1308"]
[PlyCount "27"]
[Result "1-0"]

1.e4 e5 2.Nf3 Nc6 3.Bc4 Nf6 4.d3 Bc5 5.Bd2 O-O 
6.Nc3 Re8 7.Ng5 d5 8.Nxd5 Nxd5 9.Bxd5 Rf8 10.Qh5 
h6 11.Nxf7 Bxf2+ 12.Kf1 Qf6 13.Nxh6+ Kh8 
14.Ng4+ 1-0

[Event "HCL-C008"]
[Site "www.playchess.de"]
[Date "2001.01.22"]
[Round "4"]
[White "pablo"]
[Black "luizfernandes"]
[WhiteElo "1000"]
[BlackElo "1000"]
[PlyCount "79"]
[Result "1-0"]

1.d4 e5 2.dxe5 Nc6 3.Nf3 Bb4+ 4.c3 Ba5 5.Bg5 f6 
6.exf6 gxf6 7.Bh4 d5 8.e3 Bg4 9.Be2 Qd6 10.O-O 
O-O-O 11.Bg3 Qe6 12.Ng5 Bxe2 13.Nxe6 Bxd1 14.Nxd8 
Be2 15.Nxc6 bxc6 16.Re1 Bd3 17.Nd2 Ne7 18.Nb3 Bb6 
19.Nd4 Kd7 20.Rad1 Bc4 21.b3 Ba6 22.e4 Ba5 23.b4 
Bb6 24.exd5 Nxd5 25.Nf5 Kc8 26.Ne7+ Nxe7 27.Rxe7 
Rd8 28.Rxd8+ Kxd8 29.Rxh7 c5 30.bxc5 Bxc5 31.Rxc7 
Bb6 32.Rf7 Bc4 33.Rxf6 Bxa2 34.h4 Ke7 35.Be5 Bb1 
36.g4 Bc7 37.Bd4 Bb6 38.g5 Bh7 39.Bxb6 axb6 
40.Rxb6 1-0

[Event "HCL-C008"]
[Site "www.playchess.de"]
[Date "2001.01.22"]
[Round "6"]
[White "Queen"]
[Black "luizfernandes"]
[WhiteElo "1000"]
[BlackElo "1000"]
[PlyCount "70"]
[Result "0-1"]

1.d4 d5 2.Nf3 Nc6 3.e4 dxe4 4.Bb5 a6 5.Bxc6+ bxc6 
6.Ne5 Bb7 7.Nxf7 Kxf7 8.O-O Nf6 9.Bg5 Nd5 10.Nc3 
h6 11.Nxd5 cxd5 12.Bf4 e6 13.Qh5+ g6 14.Bg5 Qxg5 
15.Qxg5 hxg5 16.c3 Bd6 17.g3 e5 18.dxe5 Bxe5 
19.Rad1 Rad8 20.Rfe1 Bc8 21.Rd2 c6 22.Red1 Bg4 
23.c4 Bxd1 24.Rxd1 Bxb2 25.c5 g4 26.Rb1 Bd4 
27.Rb7+ Kf6 28.Rb6 e3 29.Rxc6+ Kg5 30.a4 e2 31.Re6 
Rde8 32.Rxe8 Rxe8 33.Kg2 e1Q 34.c6 Qxf2+ 35.Kh1 
Qg1+ 0-1